000 01130nam a22002417a 4500
999 _c10138
_d10138
003 AR-CdUCM
008 190329b ||||| |||| 00| 0 spa d
040 _aMUNICIPALIDAD PROVINCIAL DEL CUSCO
_cBIBLIOTECA MUNICIPAL DEL CUSCO
082 _a985.6 /
_bR21 / 1993
100 _aRamos, Gabriela
_93201
245 _aCatolicismo y extirpación de idolatrías :
_bSiglo XVI - XVIII /
260 _aCusco :
_bCentro de estudios regionales andinos "Bartolomé de las casas",
_c1993.
300 _a482 páginas ;
_c21 cm.
440 _aCuadernos para la historia de la evangelización en América Latina.
_n5
_93202
505 _aContenido: La representación como discurso ideológico -- La idolatría, símbolo de América en Calderón de la Barca -- Experiencias evangelizadoras en los andes en el siglo XVI -- Idolatrías en Charcas (1560-1620) ...
650 _aEvangelización
_93112
650 _aAndes
_9319
650 _aReligión católica
_926814
700 _aUrbano, Henrique (compilador)
_93203
710 _aCentro de estudios regionales andinos "Bartolomé de las casas"
_97768
942 _2ddc
_cLIBROS
945 _aacv